| 000 | 00664nam a2200193Ia 4500 | ||
|---|---|---|---|
| 003 | IN-BaIIA | ||
| 008 | 211028s9999 xx 000 0 eng d | ||
| 040 | _cIIA Library | ||
| 080 |
_a083.7:696.141.5 _bISI |
||
| 110 | _aIndian Standards Institution | ||
| 245 | 0 |
_aIndian standard specification for vitreous sanitary appliances (vitreous China) _bpt. 9, specific requirements of bidets _cIndian Standards Institution |
|
| 260 |
_aNew Delhi _bIndian Standards Institution _c1972 |
||
| 500 | _aIS 2556 : Part 9 : 1972 | ||
| 650 |
_a Bidets _98799 |
||
| 650 |
_a Sanitary Appliances _98800 |
||
| 650 | _a Standards | ||
| 650 | _aNASA Thesaurus | ||
| 942 | _cBK | ||
| 999 |
_c4908 _d4908 |
||